[Event "V Weekend A"]
[Site "Novara ITA"]
[Date "2004.10.23"]
[Round "3"]
[White "Pace, Pietro Dario"]
[Black "Ranieri, Fabrizio"]
[Result "1-0"]
[WhiteElo "2130"]
[BlackElo "2213"]
[PlyCount "153"]
[EventDate "2004.10.22"]

1.e4 e6 2.d4 d5 3.Nc3 Nf6 4.Bg5 Bb4 5.e5 h6 6.Bd2 Bxc3 7.bxc3 Ne4 8.Qg4 g6
9.Bd3 Nxd2 10.Kxd2 c5 11.h4 Nc6 12.Qf4 Bd7 13.Nf3 Qe7 14.dxc5 Qxc5 15.Nd4 
a6 16.Qf6 Rf8 17.Rab1 b5 18.h5 Nxd4 19.cxd4 Qe7 20.hxg6 fxg6 21.Bxg6+ Kd8 
22.Qxe7+ Kxe7 23.Ke3 Rh8 24.g3 Rag8 25.Bd3 Be8 26.a4 bxa4 27.Rb7+ Bd7 28.
Rhb1 Ra8 29.f4 Kd8 30.g4 h5 31.Rh1 Kc8 32.Rb4 h4 33.f5 Rb8 34.Rxb8+ Kxb8 
35.f6 Be8 36.g5 a3 37.g6 Bxg6 38.Bxg6 Kc7 39.f7 h3 40.Kd2 a2 41.Kc3 Rb8 
42.f8=Q Rxf8 43.Kb2 Rf3 44.Kxa2 Kb6 45.Kb2 a5 46.Bh5 Rf4 47.Rxh3 Rxd4 48.
Rb3+ Kc5 49.Bg6 Rg4 50.Bf7 Re4 51.Bxe6 Rxe5 52.Bd7 Re7 53.Bb5 Ra7 54.Bf1 
Kd4 55.Bg2 Rg7 56.Rd3+ Kc5 57.Bxd5 a4 58.Ba2 Rg2 59.Kc3 Rg4 60.Rd5+ Kc6 
61.Rd4 Rg3+ 62.Kb4 a3 63.Rd3 Rg4+ 64.Kxa3 Kc5 65.Rd5+ Kc6 66.Rf5 Rh4 67.
Bb3 Rh3 68.Kb4 Rg3 69.c4 Rg1 70.Rf6+ Kc7 71.Ba4 Rg5 72.Bc6 Rg1 73.Bd5 Re1 
74.Kc5 Rg1 75.Rf7+ Kd8 76.Kd6 Ke8 77.Ra7 1-0

[Event "V Weekend A"]
[Site "Novara ITA"]
[Date "2004.10.23"]
[Round "3"]
[White "Provera, Emanuele"]
[Black "Gromovs, Sergejs"]
[Result "0-1"]
[WhiteElo "2138"]
[BlackElo "2324"]
[PlyCount "108"]
[EventDate "2004.10.22"]

1.d4 d5 2.c4 Bf5 3.e3 e6 4.Qb3 b6 5.Nf3 Nf6 6.cxd5 exd5 7.Ne5 c6 8.Bd2 Bd6
9.Bb4 O-O 10.Bxd6 Qxd6 11.Nc3 Nbd7 12.Bd3 Bxd3 13.Nxd3 c5 14.Qa3 Rfe8 15.
h3 Ne4 16.Nxe4 dxe4 17.Nf4 Qc6 18.d5 Qd6 19.h4 b5 20.Rc1 a5 21.Qc3 a4 22.
h5 h6 23.O-O b4 24.Qc4 Ra5 25.Rfd1 Nb6 26.Qc2 c4 27.a3 bxa3 28.bxa3 Rb5 
29.Rd4 Qxa3 30.d6 Qb2 31.d7 Rd8 32.Qxe4 Qxc1+ 33.Kh2 Nxd7 34.Rxd7 Rxd7 35.
Qe8+ Kh7 36.Qxd7 Qb1 37.Qxf7 Qf5 38.Qxc4 Rb2 39.Qxa4 Rxf2 40.Qd4 Rf1 41.
Qc4 Qb1 42.Qd4 Rh1+ 43.Kg3 Qe1+ 44.Kf3 Qf1+ 45.Kg4 Qb1 46.Kg3 Qf5 47.Kf2 
Rxh5 48.g4 Qc2+ 49.Kf3 Rh1 50.Nd3 Rf1+ 51.Ke4 Rf7 52.Ke5 Qc7+ 53.Ke4 Qc6+ 
54.Qd5 Qg6+ 0-1

[Event "V Weekend A"]
[Site "Novara ITA"]
[Date "2004.10.23"]
[Round "3"]
[White "Sgnaolin, Davide"]
[Black "Fattorelli, Luciano"]
[Result "1/2-1/2"]
[WhiteElo "2125"]
[BlackElo "2107"]
[PlyCount "48"]
[EventDate "2004.10.22"]

1.e4 d6 2.d4 Nf6 3.Nc3 g6 4.Nf3 Bg7 5.Be2 O-O 6.O-O c6 7.a4 Nbd7 8.h3 e5 
9.dxe5 dxe5 10.Bc4 Qc7 11.Be3 b6 12.Qd2 Bb7 13.Rad1 a6 14.Qd6 Rac8 15.g4 
Qxd6 16.Rxd6 Rc7 17.Rfd1 b5 18.Ba2 b4 19.Ne2 Bc8 20.Ng3 Ne8 21.R6d3 Bf6 
22.Nd2 Ng7 23.Nc4 Ne6 24.Nd6 Ndc5 1/2-1/2

[Event "V Weekend A"]
[Site "Novara ITA"]
[Date "2004.10.24"]
[Round "4"]
[White "Aglietti, Graziano"]
[Black "Dragojlovic, Andjelko"]
[Result "0-1"]
[WhiteElo "2043"]
[BlackElo "2298"]
[PlyCount "80"]
[EventDate "2004.10.22"]

1.e4 c5 2.c3 g6 3.d4 cxd4 4.cxd4 d5 5.Nc3 dxe4 6.Nxe4 Bg7 7.Nf3 Nf6 8.Bb5+
Nbd7 9.Nxf6+ Bxf6 10.O-O O-O 11.Bh6 Re8 12.Ne5 a6 13.Ba4 Bg7 14.Bxg7 Kxg7 
15.Re1 Rf8 16.Nxd7 Bxd7 17.Bxd7 Qxd7 18.Qe2 e6 19.Qe5+ Kg8 20.Rac1 Rac8 
21.Rc3 Rxc3 22.bxc3 Rc8 23.Qa5 Rc4 24.h3 Ra4 25.Qe5 Rc4 26.Rb1 b5 27.Rb3 
h5 28.Ra3 Qc8 29.Qg3 Qb7 30.Qe5 Qb6 31.Rb3 Qc6 32.Qb8+ Kh7 33.Qf8 Qc7 34.
g3 h4 35.Kg2 hxg3 36.fxg3 b4 37.Rxb4 Rxc3 38.Qb8 Rc2+ 39.Kg1 Rc1+ 40.Kf2 
Qc2+ 0-1

[Event "V Weekend A"]
[Site "Novara ITA"]
[Date "2004.10.24"]
[Round "4"]
[White "Bonade', Massimo"]
[Black "Giannetta, Paolo"]
[Result "1-0"]
[WhiteElo "2093"]
[BlackElo "2104"]
[PlyCount "76"]
[EventDate "2004.10.22"]

1.d4 d6 2.c4 f5 3.Nf3 g6 4.g3 Bg7 5.Bg2 Nf6 6.O-O O-O 7.Nc3 c6 8.d5 e5 9.
dxe6 Bxe6 10.b3 Ne4 11.Nxe4 fxe4 12.Bg5 Qd7 13.Nd4 h6 14.Be3 Bh3 15.Qd2 
Bxg2 16.Kxg2 Kh7 17.Rad1 Na6 18.Nc2 Rad8 19.Bxa7 Rf5 20.Bd4 Rh5 21.Rh1 
Qh3+ 22.Kg1 Be5 23.Bxe5 Rxe5 24.Qf4 Rd7 25.Ne3 Qe6 26.Qg4 Qf7 27.h4 h5 28.
Qh3 Ra5 29.Rd4 Rxa2 30.Rxe4 Nc5 31.Rf4 Qe8 32.b4 Nb3 33.Kg2 Rxe2 34.Rb1 
Nd2 35.Ra1 Rf7 36.Ra8 Rxf4 37.Rxe8 Rfxf2+ 38.Kg1 Re1+ 1-0

[Event "V Weekend A"]
[Site "Novara ITA"]
[Date "2004.10.24"]
[Round "4"]
[White "Ceccarini, Marco"]
[Black "Sgnaolin, Davide"]
[Result "1/2-1/2"]
[WhiteElo "2121"]
[BlackElo "2125"]
[PlyCount "42"]
[EventDate "2004.10.22"]

1.d4 Nf6 2.Nf3 c5 3.c3 e6 4.e3 d5 5.Bd3 Bd6 6.Nbd2 Nbd7 7.e4 dxe4 8.Nxe4 
Nxe4 9.Bxe4 Nf6 10.Bc2 Qc7 11.Bg5 b6 12.Bxf6 gxf6 13.Ba4+ Bd7 14.Bxd7+ 
Qxd7 15.dxc5 Bxc5 16.Qxd7+ Kxd7 17.O-O-O+ Ke7 18.Nd4 Bxd4 19.Rxd4 Rad8 20.
Rhd1 Rxd4 21.Rxd4 Rg8 1/2-1/2

[Event "V Weekend A"]
[Site "Novara ITA"]
[Date "2004.10.24"]
[Round "4"]
[White "Dassisti, Alberto"]
[Black "Pace, Pietro Dario"]
[Result "0-1"]
[WhiteElo "2067"]
[BlackElo "2130"]
[PlyCount "92"]
[EventDate "2004.10.22"]

1.e4 e5 2.Nf3 Nc6 3.Bc4 Bc5 4.d3 Nf6 5.Nc3 d6 6.h3 Be6 7.Bb3 h6 8.O-O Qd7 
9.Na4 Bb6 10.Nxb6 axb6 11.Bxe6 fxe6 12.Re1 O-O 13.c3 Qf7 14.Qe2 Nh5 15.Nh4
g5 16.Nf3 Qg6 17.Nh2 Rf7 18.Be3 Kh7 19.Qf1 Ng3 20.fxg3 Rxf1+ 21.Rxf1 Kg7 
22.Ng4 h5 23.Nh2 g4 24.h4 Rf8 25.Bg5 Rxf1+ 26.Rxf1 Qe8 27.Rf6 Nd8 28.Rf2 
Nf7 29.Bf6+ Kg6 30.Nf1 Qb5 31.c4 Qc5 32.Be7 Qd4 33.b3 Qxd3 34.Rf6+ Kg7 35.
Rxe6 Qxe4 36.Bf6+ Kf8 37.Be7+ Kg8 38.Bf6 Qd4+ 39.Kh2 Qf2 40.Ne3 Qxe3 41.
Re8+ Kh7 42.Re7 Kg6 43.Bg5 Nxg5 44.hxg5 Qxg5 45.Rxc7 h4 46.Rc8 hxg3+ 0-1

[Event "V Weekend A"]
[Site "Novara ITA"]
[Date "2004.10.24"]
[Round "4"]
[White "Gromovs, Sergejs"]
[Black "Aceto, Lorenzo"]
[Result "1-0"]
[WhiteElo "2324"]
[BlackElo "2150"]
[PlyCount "65"]
[EventDate "2004.10.22"]

1.d4 Nf6 2.Nf3 g6 3.c4 Bg7 4.Nc3 O-O 5.e4 d6 6.Be2 e5 7.O-O Nc6 8.d5 Ne7 
9.b4 Nd7 10.Qb3 Kh8 11.a4 f5 12.Ng5 Nf6 13.c5 h6 14.Ne6 Bxe6 15.dxe6 d5 
16.exd5 Nexd5 17.Nxd5 Nxd5 18.Bb2 c6 19.Bc4 Qe7 20.Bxd5 cxd5 21.Qxd5 Rad8 
22.Qb3 Rfe8 23.Rad1 e4 24.Bxg7+ Kxg7 25.Qc3+ Qf6 26.Rd7+ Rxd7 27.exd7 Rd8 
28.Qd2 Qe6 29.Rd1 g5 30.b5 Kf7 31.Qd5 Qxd5 32.Rxd5 Ke6 33.c6 1-0

[Event "V Weekend A"]
[Site "Novara ITA"]
[Date "2004.10.24"]
[Round "4"]
[White "Perissinotto, Claudio"]
[Black "Dallaglio, Giovanni"]
[Result "1-0"]
[WhiteElo "2105"]
[BlackElo "2051"]
[PlyCount "73"]
[EventDate "2004.10.22"]

1.e4 d5 2.exd5 Qxd5 3.Nc3 Qa5 4.d4 c6 5.Nf3 Nf6 6.Bc4 Bf5 7.Bd2 e6 8.Qe2 
Bb4 9.O-O-O Nbd7 10.Ne5 Nxe5 11.dxe5 Nd5 12.Nxd5 Bxd2+ 13.Rxd2 exd5 14.Bb3
O-O-O 15.g4 Be6 16.f4 d4 17.Kb1 Bxb3 18.axb3 Rhe8 19.Rhd1 c5 20.Qe4 g6 21.
Rd3 Qc7 22.Rh3 Re7 23.Rxh7 Rde8 24.h4 Qd7 25.Qf3 Qe6 26.Re1 c4 27.bxc4 
Qxc4 28.Qd3 Qa4 29.Re4 Rd8 30.f5 gxf5 31.gxf5 Rd5 32.e6 Ra5 33.Rh8+ Re8 
34.Rxe8+ Qxe8 35.Qc4+ Qc6 36.Qxc6+ bxc6 37.e7 1-0

[Event "V Weekend A"]
[Site "Novara ITA"]
[Date "2004.10.24"]
[Round "4"]
[White "Ranieri, Fabrizio"]
[Black "Stefanetti, Marco"]
[Result "1-0"]
[WhiteElo "2213"]
[BlackElo "2083"]
[PlyCount "43"]
[EventDate "2004.10.22"]

1.e4 c6 2.d4 d5 3.exd5 cxd5 4.c4 Nf6 5.Nc3 e6 6.c5 Bd7 7.Nf3 Ne4 8.Qb3 
Nxc3 9.Qxc3 Be7 10.Bf4 Nc6 11.b4 Bf6 12.Bd6 Ne7 13.Bd3 O-O 14.O-O Re8 15.
a4 Rc8 16.Ne5 Nc6 17.Bxh7+ Kxh7 18.Nxf7 Nxd4 19.Qd3+ Kg8 20.Nxd8 Rcxd8 21.
f4 Nf5 22.Be5 1-0

[Event "V Weekend A"]
[Site "Novara ITA"]
[Date "2004.10.24"]
[Round "5"]
[White "Borin, Fabio"]
[Black "Ranieri, Fabrizio"]
[Result "1/2-1/2"]
[WhiteElo "2203"]
[BlackElo "2213"]
[PlyCount "79"]
[EventDate "2004.10.22"]

1.e4 e6 2.d4 d5 3.Nc3 Nf6 4.e5 Nfd7 5.Nf3 c5 6.dxc5 Bxc5 7.Bd3 Nc6 8.Bf4 
f5 9.exf6 Nxf6 10.O-O O-O 11.Qe2 Bd6 12.Bg3 Bxg3 13.hxg3 Qe8 14.Ne5 Nxe5 
15.Qxe5 h6 16.Be2 Bd7 17.Rfe1 Qg6 18.Bd3 Qf7 19.f3 Rac8 20.Ne2 Qh5 21.Qxh5
Nxh5 22.Bg6 Be8 23.Bxh5 Bxh5 24.Nf4 Bf7 25.c3 Rc6 26.Re2 Rb6 27.Nd3 Rc8 
28.Ne5 Rc7 29.Rd1 Be8 30.Rd4 Bb5 31.Red2 Kh7 32.Rg4 Be8 33.Kf2 Ra6 34.a3 
Ra4 35.Rxa4 Bxa4 36.Rd4 Be8 37.Ke3 g6 38.f4 Kg7 39.g4 Kf6 40.g3 1/2-1/2

[Event "V Weekend A"]
[Site "Novara ITA"]
[Date "2004.10.24"]
[Round "5"]
[White "Dallaglio, Giovanni"]
[Black "Aglietti, Graziano"]
[Result "1-0"]
[WhiteElo "2051"]
[BlackElo "2043"]
[PlyCount "49"]
[EventDate "2004.10.22"]

1.d4 Nf6 2.Nf3 d5 3.c4 e6 4.Nc3 Be7 5.Bg5 Nbd7 6.e3 O-O 7.Qc2 c6 8.Rc1 
dxc4 9.Bxc4 Nd5 10.Bxe7 Qxe7 11.O-O N5b6 12.Bd3 h6 13.Ne4 e5 14.Ng3 exd4 
15.Nf5 Qf6 16.N3xd4 Ne5 17.Be4 Rd8 18.h3 Nd5 19.a3 Ne7 20.Nxe7+ Qxe7 21.b4
Be6 22.Nxe6 Qxe6 23.Rfd1 Nc4 24.Rxd8+ Rxd8 25.Qxc4 1-0

[Event "V Weekend A"]
[Site "Novara ITA"]
[Date "2004.10.24"]
[Round "5"]
[White "De Santis, Alessio"]
[Black "Raineri, Valerio"]
[Result "1-0"]
[WhiteElo "2268"]
[BlackElo "2182"]
[PlyCount "93"]
[EventDate "2004.10.22"]

1.d4 Nf6 2.c4 g6 3.Nc3 Bg7 4.e4 d6 5.Be2 O-O 6.Bg5 h6 7.Be3 e5 8.d5 Na6 9.
Qd2 Kh7 10.f3 Ne8 11.h4 f5 12.exf5 gxf5 13.Bd3 c6 14.g4 Qe7 15.Nge2 Nc5 
16.Bc2 e4 17.fxe4 Nxe4 18.Bxe4 fxe4 19.g5 h5 20.O-O-O Bg4 21.Rde1 Nc7 22.
Rhg1 Rae8 23.Kb1 a6 24.Rxg4 hxg4 25.h5 Rf3 26.Rg1 Qf8 27.Rxg4 Rf1+ 28.Kc2 
Qf5 29.Rh4 Rf2 30.g6+ Kg8 31.h6 Bf6 32.Rf4 Rxf4 33.Nxf4 Be5 34.Nce2 cxd5 
35.cxd5 Rc8 36.Kb1 Ne8 37.a3 Nf6 38.Ka2 Ng4 39.h7+ Kh8 40.Bd4 e3 41.Qb4 b5
42.Qxd6 Bxd4 43.Nxd4 Qe5 44.Qd7 Qc7 45.Qxg4 Qc4+ 46.Nb3 e2 47.Qf5 1-0

[Event "V Weekend A"]
[Site "Novara ITA"]
[Date "2004.10.24"]
[Round "5"]
[White "Dragojlovic, Andjelko"]
[Black "Gromovs, Sergejs"]
[Result "1/2-1/2"]
[WhiteElo "2298"]
[BlackElo "2324"]
[PlyCount "38"]
[EventDate "2004.10.22"]

1.Nf3 Nf6 2.g3 g6 3.Bg2 Bg7 4.O-O O-O 5.d3 d6 6.e4 c6 7.h3 Nbd7 8.c3 Qc7 
9.Re1 e5 10.Nbd2 Re8 11.Nf1 a5 12.Be3 d5 13.Qc2 dxe4 14.dxe4 Bf8 15.Rad1 
Nc5 16.N3d2 Be6 17.Nb3 Nxb3 18.axb3 Red8 19.Nd2 Nd7 1/2-1/2

[Event "V Weekend A"]
[Site "Novara ITA"]
[Date "2004.10.24"]
[Round "5"]
[White "Giannetta, Paolo"]
[Black "Fattorelli, Luciano"]
[Result "1/2-1/2"]
[WhiteElo "2104"]
[BlackElo "2107"]
[PlyCount "96"]
[EventDate "2004.10.22"]

1.d4 d6 2.e4 Nf6 3.f3 c6 4.c4 e5 5.d5 g6 6.Nc3 Bg7 7.Be3 O-O 8.Qd2 Ne8 9.
Bd3 f5 10.exf5 gxf5 11.Bg5 Bf6 12.h4 Ng7 13.Nge2 Nd7 14.O-O-O Nb6 15.Rdg1 
cxd5 16.Nxd5 Nxd5 17.cxd5 Kh8 18.g4 Bd7 19.Bxf6 Qxf6 20.g5 Qf7 21.g6 Qe7 
22.Qh6 Ne8 23.gxh7 Nf6 24.Rh2 Qxh7 25.Qd2 Rg8 26.Rg5 Rxg5 27.Qxg5 Nxd5 28.
Rg2 Rg8 29.Qxg8+ Qxg8 30.Rxg8+ Kxg8 31.Bc4 Be6 32.Ng3 f4 33.Ne4 Nc7 34.
Bxe6+ Nxe6 35.Nxd6 Nd4 36.Nxb7 Nxf3 37.h5 Kf7 38.Kd1 Nd4 39.Nc5 Nf5 40.b4 
Ng3 41.h6 e4 42.h7 Kg7 43.Ne6+ Kxh7 44.Nxf4 Kg7 45.a4 Nf5 46.Kd2 Kf6 47.b5
Ke5 48.Ne2 Kd5 1/2-1/2

[Event "V Weekend A"]
[Site "Novara ITA"]
[Date "2004.10.24"]
[Round "5"]
[White "Pace, Pietro Dario"]
[Black "Drei, Andrea"]
[Result "0-1"]
[WhiteElo "2130"]
[BlackElo "2247"]
[PlyCount "100"]
[EventDate "2004.10.22"]

1.e4 c5 2.b3 b6 3.c4 Bb7 4.Nc3 g6 5.Bb2 Bg7 6.Rb1 Nc6 7.Nf3 a6 8.Nd5 Bxb2 
9.Rxb2 e6 10.Nc3 Nd4 11.Bd3 f5 12.O-O Nf6 13.Re1 O-O 14.b4 Nxf3+ 15.gxf3 
fxe4 16.fxe4 Nh5 17.Bf1 Qg5+ 18.Bg2 cxb4 19.Nb1 Nf4 20.Qf3 Qe5 21.Rxb4 Nd5
22.cxd5 Rxf3 23.Bxf3 Bxd5 24.d4 Qf6 25.Re3 a5 26.Rb2 Rc8 27.Nc3 Qxd4 28.
Nd1 Ba8 29.Rbb3 Qe5 30.Rxb6 Rc1 31.Rbb3 Bc6 32.Rbd3 Qg5+ 33.Kh1 Qf4 34.Kg2
Rc2 35.Nc3 Qg5+ 36.Kf1 Qh4 37.Be2 Qxh2 38.Rh3 Rc1+ 39.Bd1 Qf4 40.Rhf3 
Rxd1+ 41.Nxd1 Qxe4 42.Rfe3 Qh1+ 43.Ke2 Bb5 44.Kd2 Bxd3 45.Rxd3 d5 46.Nc3 
Qh6+ 47.Kc2 Qf4 48.f3 h5 49.Ne2 Qc4+ 50.Kd2 Qxa2+ 0-1

[Event "V Weekend A"]
[Site "Novara ITA"]
[Date "2004.10.24"]
[Round "5"]
[White "Sgnaolin, Davide"]
[Black "Dassisti, Alberto"]
[Result "1-0"]
[WhiteElo "2125"]
[BlackElo "2067"]
[PlyCount "47"]
[EventDate "2004.10.22"]

1.e4 e6 2.d4 d5 3.Nd2 Nf6 4.e5 Nfd7 5.Ngf3 c5 6.c3 Nc6 7.Bd3 Qb6 8.O-O 
cxd4 9.Nxd4 Nxd4 10.cxd4 Qxd4 11.Nf3 Qb6 12.Qa4 Qb4 13.Qc2 Qc5 14.Qe2 Qc7 
15.Bd2 Qd8 16.Rac1 a6 17.Be3 Nb8 18.Bb6 Qd7 19.Rc7 Qd8 20.Rxb7 Bxb7 21.
Bxd8 Kxd8 22.Ng5 Ke7 23.Qh5 g6 24.Qf3 1-0

[Event "V Weekend A"]
[Site "Novara ITA"]
[Date "2004.10.24"]
[Round "5"]
[White "Stefanetti, Marco"]
[Black "Ceccarini, Marco"]
[Result "1/2-1/2"]
[WhiteElo "2083"]
[BlackElo "2121"]
[PlyCount "45"]
[EventDate "2004.10.22"]

1.e4 e6 2.d4 d5 3.exd5 exd5 4.Bd3 Bd6 5.Ne2 Ne7 6.Bg5 f6 7.Bf4 c6 8.O-O 
Bg4 9.Bxd6 Qxd6 10.Qd2 Ng6 11.f3 Be6 12.Re1 O-O 13.Nbc3 Nd7 14.Ng3 Rfe8 
15.Nf5 Bxf5 16.Bxf5 Ndf8 17.Ne2 Re7 18.c3 Rae8 19.Ng3 Qf4 20.Qf2 Nh4 21.
Bc2 Nfg6 22.Rxe7 Rxe7 23.Re1 1/2-1/2

[Event "I C.to di Bologna"]
[Site "Ozzano dell'Emilia ITA"]
[Date "2004.10.16"]
[Round "1"]
[White "Cocchi, Andrea"]
[Black "Mascellani, Marco"]
[Result "1/2-1/2"]
[WhiteElo "2284"]
[BlackElo "2271"]
[PlyCount "36"]
[EventDate "2004.10.16"]

1. Nf3 d5 2. d4 Nf6 3. c4 c6 4. e3 Bg4 5. cxd5 Bxf3 6. Qxf3 cxd5 7. Bd3 e6 8.
O-O Bd6 9. Nc3 Nc6 10. Bd2 O-O 11. Rfd1 Rc8 12. Qh3 g6 13. Rac1 a6 14. Bb1 b5
15. Bd3 Qb6 16. Qf3 Be7 17. Be1 Rfd8 18. Qe2 Rb8 1/2-1/2

[Event "I C.to di Bologna"]
[Site "Ozzano dell'Emilia ITA"]
[Date "2004.10.16"]
[Round "1"]
[White "Govoni, Fausto"]
[Black "Ronchetti, Niccolo'"]
[Result "1-0"]
[WhiteElo "2280"]
[BlackElo "2304"]
[PlyCount "49"]
[EventDate "2004.10.16"]

1. e4 c5 2. Nc3 Nc6 3. f4 g6 4. Nf3 Bg7 5. Bc4 e6 6. f5 Nge7 7. fxe6 fxe6 8. d3
O-O 9. O-O d5 10. Bb3 Qd6 11. Kh1 b6 12. Bg5 Bb7 13. Qe1 Rf7 14. Qh4 Raf8 15.
Rfe1 d4 16. Nb5 Qd7 17. Bh6 Bxh6 18. Qxh6 Na5 19. Ne5 Qxb5 20. Bxe6 Nac6 21.
Nd7 Kh8 22. Nxf8 Rg7 23. Nxh7 Ng8 24. Bxg8 Kxg8 25. Rf1 1-0

[Event "I C.to di Bologna"]
[Site "Ozzano dell'Emilia ITA"]
[Date "2004.10.16"]
[Round "1"]
[White "Scalcione, Michelangelo"]
[Black "Tomba, Ivan"]
[Result "1-0"]
[WhiteElo "2226"]
[BlackElo "2235"]
[PlyCount "71"]
[EventDate "2004.10.16"]

1. Nf3 d5 2. d4 c6 3. c4 Nf6 4. Nc3 a6 5. a4 e6 6. Bg5 Nbd7 7. a5 Bd6 8. e3 O-O
9. Bd3 Bc7 10. cxd5 exd5 11. b4 Re8 12. O-O Nf8 13. e4 h6 14. Bxf6 Qxf6 15. e5
Qe7 16. Qb1 Bg4 17. Ne1 Ne6 18. f3 Bh5 19. g4 Bg6 20. Bxg6 fxg6 21. Ne2 g5 22.
Nd3 Rf8 23. Kg2 Rf7 24. Qb2 Raf8 25. Ng3 g6 26. Ne2 Bb8 27. Nc5 Nxd4 28. Nxd4
Qxe5 29. Kh1 Rxf3 30. Rxf3 Rxf3 31. Nd7 Qe4 32. Nxf3 Qxf3+ 33. Qg2 Qc3 34. Rf1
Bf4 35. Qe2 Qxb4 36. Qe6+ 1-0

[Event "I C.to di Bologna"]
[Site "Ozzano dell'Emilia ITA"]
[Date "2004.10.16"]
[Round "1"]
[White "Vancini, Edoardo"]
[Black "Di Caro, Calogero"]
[Result "0-1"]
[WhiteElo "2288"]
[BlackElo "2317"]
[PlyCount "66"]
[EventDate "2004.10.16"]

1. e4 e6 2. d4 d5 3. Nd2 Be7 4. Bd3 c5 5. dxc5 Nf6 6. Qe2 Nc6 7. Ngf3 a5 8. O-O
O-O 9. a4 Nb4 10. Nb3 b6 11. e5 Nd7 12. c6 Nxc6 13. Bf4 Nc5 14. Nxc5 bxc5 15.
c3 c4 16. Bc2 f5 17. exf6 Bxf6 18. Qe3 Re8 19. Rad1 Bd7 20. Ng5 g6 21. Qg3 Qe7
22. h4 Qg7 23. h5 h6 24. Nf3 gxh5 25. Qh2 e5 26. Rxd5 exf4 27. Rxh5 Ne5 28.
Nxe5 Rxe5 29. Rxh6 Bf5 30. Qxf4 Bg5 31. Qxc4+ Kf8 32. Qc6 Rc8 33. Qb7 Qxb7 0-1

[Event "I C.to di Bologna"]
[Site "Ozzano dell'Emilia ITA"]
[Date "2004.10.17"]
[Round "2"]
[White "Di Caro, Calogero"]
[Black "Cocchi, Andrea"]
[Result "1/2-1/2"]
[WhiteElo "2317"]
[BlackElo "2284"]
[PlyCount "54"]
[EventDate "2004.10.16"]

1. c4 c6 2. Nf3 d5 3. e3 Nf6 4. Nc3 e6 5. d4 Nbd7 6. Qc2 Bd6 7. Bd3 O-O 8. O-O
Qe7 9. c5 Bc7 10. e4 dxe4 11. Nxe4 Nxe4 12. Bxe4 h6 13. Bd2 Nf6 14. Bd3 Rd8 15.
Rfe1 Bd7 16. Qc1 Nd5 17. Re4 f5 18. Re2 Qf6 19. Qc2 Be8 20. Rae1 Bf7 21. Ne5
Bxe5 22. Rxe5 Rd7 23. b4 a6 24. Bc4 Re8 25. Qb3 Kh7 26. a4 Qh4 27. Bxd5 Rxd5
1/2-1/2

[Event "I C.to di Bologna"]
[Site "Ozzano dell'Emilia ITA"]
[Date "2004.10.17"]
[Round "2"]
[White "Govoni, Fausto"]
[Black "Scalcione, Michelangelo"]
[Result "0-1"]
[WhiteElo "2280"]
[BlackElo "2226"]
[PlyCount "86"]
[EventDate "2004.10.16"]

1. e4 e5 2. Nc3 Bc5 3. Bc4 Nf6 4. d3 c6 5. Nf3 b5 6. Bb3 d6 7. Bg5 a5 8. a3 Qb6
9. O-O Nbd7 10. Bh4 h6 11. Ne2 Qc7 12. c3 Bb6 13. Re1 Bb7 14. d4 O-O 15. Ng3 a4
16. Ba2 c5 17. Rc1 g6 18. Qd2 Kg7 19. Bg5 Rh8 20. Bxh6+ Rxh6 21. Qg5 Rh7 22.
Nf5+ Kf8 23. Nxd6 Rh5 24. Nxf7 Rxg5 25. N3xg5 Ke7 26. Bd5 Nxd5 27. exd5 Bxd5
28. Nxe5 Nxe5 29. Rxe5+ Kd6 30. Ree1 Rf8 31. f3 Qd8 32. h4 cxd4 33. cxd4 Bxd4+
34. Kh2 Rh8 35. Kg3 Qf6 36. Re6+ Qxe6 37. Nxe6 Kxe6 38. Re1+ Kd6 39. Re2 Bf6
40. Kf4 Rxh4+ 41. g4 Rh3 42. g5 Be5+ 43. Rxe5 Rxf3+ 0-1

[Event "I C.to di Bologna"]
[Site "Ozzano dell'Emilia ITA"]
[Date "2004.10.17"]
[Round "2"]
[White "Ronchetti, Niccolo'"]
[Black "Mascellani, Marco"]
[Result "1/2-1/2"]
[WhiteElo "2304"]
[BlackElo "2271"]
[PlyCount "105"]
[EventDate "2004.10.16"]

1. e4 d5 2. exd5 Nf6 3. d4 Nxd5 4. c4 Nf6 5. Nc3 e6 6. Nf3 Be7 7. Bg5 O-O 8.
Bd3 h6 9. Bh4 c5 10. O-O Nc6 11. dxc5 Bxc5 12. Qe2 Nd4 13. Nxd4 Qxd4 14. Bxf6
Qxf6 15. Ne4 Qe7 16. Nxc5 Qxc5 17. a3 a5 18. b4 Qc7 19. c5 Bd7 20. Be4 Bc6 21.
Rfc1 Rfd8 22. b5 Bxe4 23. Qxe4 Rd5 24. a4 Rad8 25. g3 Rxc5 26. Rxc5 Qxc5 27.
Qxb7 Qc3 28. Rf1 Qb4 29. Qc7 Rd2 30. b6 Rb2 31. b7 Qxb7 32. Qxa5 Ra2 33. Qd8+
Kh7 34. Qd4 Qb3 35. Ra1 Qd5 36. Qc3 Rxa4 37. Qc2+ Re4 38. Re1 f5 39. Rxe4 Qxe4
40. Qd1 e5 41. Qd7 f4 42. Qg4 Qb1+ 43. Kg2 Qb7+ 44. f3 Qb2+ 45. Kh3 Qd4 46.
Qf5+ Kg8 47. Qe6+ Kf8 48. Qc8+ Ke7 49. Qc7+ Kf6 50. Qc6+ Kf7 51. Qc7+ Kf6 52.
Qc6+ Kg5 53. Qc7 1/2-1/2

[Event "I C.to di Bologna"]
[Site "Ozzano dell'Emilia ITA"]
[Date "2004.10.17"]
[Round "2"]
[White "Tomba, Ivan"]
[Black "Vancini, Edoardo"]
[Result "1/2-1/2"]
[WhiteElo "2235"]
[BlackElo "2288"]
[PlyCount "113"]
[EventDate "2004.10.16"]

1. e4 c5 2. Nf3 e6 3. d4 cxd4 4. Nxd4 Nc6 5. Nc3 Qc7 6. Be3 a6 7. f4 b5 8. Nb3
Bb7 9. Bd3 d6 10. Qf3 Be7 11. O-O Nf6 12. Rae1 O-O 13. g4 b4 14. Ne2 Nd7 15. g5
f5 16. Qh3 g6 17. exf5 exf5 18. Bc4+ Kh8 19. Nbd4 Na5 20. Bb3 Nxb3 21. Ne6 Qxc2
22. Nxf8 Bxf8 23. axb3 Nc5 24. Bd4+ Kg8 25. Qe3 Bd5 26. Rd1 Qxb3 27. Qxb3 Bxb3
28. Ra1 Bc4 29. Rfe1 Nd3 30. Red1 Nxb2 31. Bxb2 Bxe2 32. Rd4 Rb8 33. Kf2 Bb5
34. Rxb4 d5 35. Be5 Rd8 36. Rb2 Bc5+ 37. Kg3 d4 38. Rc2 d3 39. Rxc5 d2 40. Rc7
d1=Q 41. Rxd1 Rxd1 42. Rg7+ Kf8 43. Rxh7 Be8 44. Ra7 Rd3+ 45. Kf2 Rd2+ 46. Ke3
Rxh2 47. Bd6+ Kg8 48. Rxa6 Re2+ 49. Kd4 Re6 50. Kc5 Bf7 51. Ra1 Re8 52. Be5 Kf8
53. Bd6+ Kg8 54. Kc6 Be6 55. Be5 Kf8 56. Kd6 Bf7 57. Kc5 1/2-1/2

[Event "I C.to di Bologna"]
[Site "Ozzano dell'Emilia ITA"]
[Date "2004.10.17"]
[Round "3"]
[White "Cocchi, Andrea"]
[Black "Tomba, Ivan"]
[Result "1-0"]
[WhiteElo "2284"]
[BlackElo "2235"]
[PlyCount "143"]
[EventDate "2004.10.16"]

1. Nf3 c5 2. b3 d6 3. c4 e5 4. Nc3 Nc6 5. e3 g6 6. Bb2 Bg7 7. d3 Nge7 8. Be2
O-O 9. Qd2 f5 10. h4 h6 11. Nh2 Be6 12. h5 g5 13. g4 Qd7 14. gxf5 Bxf5 15. Rg1
a6 16. Bg4 b5 17. Ne4 Rab8 18. Bc3 a5 19. Qe2 bxc4 20. bxc4 d5 21. Bxf5 Nxf5
22. cxd5 Qxd5 23. Nxg5 Ncd4 24. exd4 exd4 25. Qe6+ Qxe6+ 26. Nxe6 Rfe8 27. Bxa5
Rxe6+ 28. Kf1 Rb2 29. Ng4 Ree2 30. a4 Ra2 31. Rxa2 Rxa2 32. Bb6 Ra1+ 33. Kg2
Nh4+ 34. Kh1 Rxa4 35. Bxc5 Nf3 36. Rc1 Ra5 37. Kg2 Nd2 38. Bb4 Ra2 39. Rc8+ Kf7
40. Rc7+ Kg8 41. Kg3 Rb2 42. Ba5 Ra2 43. Bb4 Rb2 44. Bd6 Rb3 45. Kf4 Rxd3 46.
Kf5 Rc3 47. Rd7 Nf3 48. Be7 Rc6 49. Nf6+ Bxf6 50. Bxf6 Kf8 51. Rd5 Kf7 52. Bh8
Ng5 53. Bxd4 Ne6 54. Be5 Ra6 55. Rd7+ Ke8 56. Rb7 Rc6 57. Bf6 Kf8 58. f4 Kg8
59. Be5 Kf8 60. Rh7 Kg8 61. Re7 Nc5 62. Bf6 Nd3 63. Bd4 Kf8 64. Rd7 Ke8 65. Rg7
Rc4 66. Be3 Ra4 67. Rg6 Ra5+ 68. Kg4 Kf7 69. Rxh6 Ra1 70. Rd6 Rd1 71. Kf5 Ke7
72. Rd4 1-0

[Event "I C.to di Bologna"]
[Site "Ozzano dell'Emilia ITA"]
[Date "2004.10.17"]
[Round "3"]
[White "Mascellani, Marco"]
[Black "Di Caro, Calogero"]
[Result "1/2-1/2"]
[WhiteElo "2271"]
[BlackElo "2317"]
[PlyCount "70"]
[EventDate "2004.10.16"]

1. d4 e6 2. Nf3 c5 3. c3 Nf6 4. Bg5 d5 5. e3 Nbd7 6. Nbd2 Be7 7. Bd3 b6 8. O-O
Bb7 9. Ne5 Nxe5 10. dxe5 Nd7 11. Bxe7 Qxe7 12. f4 O-O-O 13. a4 f6 14. Bb5 fxe5
15. a5 exf4 16. axb6 axb6 17. exf4 g5 18. Ra7 gxf4 19. Qa4 Nb8 20. Qxf4 Rhf8
21. Qe5 Rxf1+ 22. Kxf1 Rf8+ 23. Nf3 Rf5 24. Qh8+ Rf8 25. Qe5 Qf6 26. Qg3 e5 27.
Ke1 e4 28. Ne5 c4 29. Qh3+ Kd8 30. Nf3 exf3 31. Rxb7 Qe5+ 32. Kd1 Qe2+ 33. Kc1
Qe1+ 34. Kc2 Qe4+ 35. Kc1 Qe1+ 1/2-1/2

[Event "I C.to di Bologna"]
[Site "Ozzano dell'Emilia ITA"]
[Date "2004.10.17"]
[Round "3"]
[White "Scalcione, Michelangelo"]
[Black "Ronchetti, Niccolo'"]
[Result "1-0"]
[WhiteElo "2226"]
[BlackElo "2304"]
[PlyCount "59"]
[EventDate "2004.10.16"]

1. Nf3 d5 2. d4 Nf6 3. c4 c6 4. Nc3 dxc4 5. a4 Bf5 6. e3 e6 7. Bxc4 Bb4 8. O-O
O-O 9. Nh4 Bg6 10. Nxg6 hxg6 11. f4 Na6 12. Qf3 Qb6 13. g4 c5 14. a5 Qc7 15. d5
Bxc3 16. dxe6 Bb4 17. g5 Nh7 18. exf7+ Kh8 19. Qh3 Qd6 20. Bd2 Qe7 21. Bxb4
Nxb4 22. Rf3 Rxf7 23. Rd1 Qf8 24. Rd7 Rd8 25. Rxf7 Rd1+ 26. Kg2 Rd2+ 27. Kf1
Rd1+ 28. Ke2 Qd8 29. Rf8+ Qxf8 30. Qxh7+ 1-0